Financial sector policy for developing countries : a reader /

Bibliographic Details
Corporate Author: NetLibrary, Inc
Other Authors: Caprio, Gerard, Honohan, Patrick, Vittas, Dimitri
Format: eBook
Language:English
Published: Washington, DC : New York : World Bank ; Oxford University Press, [2002]
Subjects:
Online Access:Connect to the full text of this electronic book

MARC

Tag First Indicator Second Indicator Subfields
LEADER 00000cam a2200000Ia 4500
001 in00001839430
005 20220105140953.0
006 m d
007 cr cn-
008 030725s2002 dcua sb i000 0 eng d
020 |a 0585460361 (electronic bk.) 
035 |a (OCoLC)ocm52722277 
040 |a N$T  |c N$T  |d UtOrBLW 
043 |a d------ 
049 |a IICC 
050 1 4 |a HG195  |b .F5365 2002eb 
082 0 4 |a 332.1/09172/4  |2 21 
245 0 0 |a Financial sector policy for developing countries :  |b a reader /  |c edited by Gerard Caprio, Patrick Honohan, Dimitri Vittas. 
264 1 |a Washington, DC :  |b World Bank ;  |a New York :  |b Oxford University Press,  |c [2002] 
264 4 |c ©2002 
300 |a xviii, 250 pages :  |b illustrations ;  |c 23 cm. 
336 |a text  |b txt  |2 rdacontent 
337 |a computer  |b c  |2 rdamedia 
338 |a online resource  |b cr  |2 rdacarrier 
504 |a Includes bibliographical references. 
533 |a Electronic reproduction.  |b Boulder, Colo. :  |c NetLibrary,  |d 2003.  |n Available via World Wide Web.  |n Access may be limited to NetLibrary affiliated libraries. 
500 |a Electronic resource. 
650 0 |a Finance  |z Developing countries.  |0 http://id.loc.gov/authorities/subjects/sh2008103734 
650 0 |a Banks and banking  |z Developing countries.  |0 http://id.loc.gov/authorities/subjects/sh2009116753 
650 0 |a International finance.  |0 http://id.loc.gov/authorities/subjects/sh85067405 
655 7 |a Electronic books.  |2 local 
700 1 |a Caprio, Gerard.  |0 http://id.loc.gov/authorities/names/n82141369 
700 1 |a Honohan, Patrick.  |0 http://id.loc.gov/authorities/names/n83060000 
700 1 |a Vittas, Dimitri.  |0 http://id.loc.gov/authorities/names/n80077563 
710 2 |a NetLibrary, Inc.  |0 http://id.loc.gov/authorities/names/no99080690 
776 1 |c Original  |z 0821351761  |w (DLC) 2002068957  |w (OCoLC)50124316 
856 4 1 |u https://proxy.library.tamu.edu/login?url=http://www.netLibrary.com/urlapi.asp?action=summary&v=1&bookid=82853  |z Connect to the full text of this electronic book  |t 0 
994 |a 92  |b IIC 
999 |a MARS 
999 f f |s e1973280-a8c1-31aa-90d7-b3f7ecbb2462  |i 2b79c4bb-f3f0-308c-94f0-61a0c3b958a3  |t 0 
952 f f |a Texas A&M University  |b College Station  |c Electronic Resources  |d Available Online  |t 0  |e HG195 .F5365 2002eb  |h Library of Congress classification 
998 f f |a HG195 .F5365 2002eb  |t 0  |l Available Online